000 00455nam a2200169Ia 4500
008 090711s9999 xx 000 0 und d
082 _b62843
100 _aसोमण अंजली
245 _aतिमिर भेद
260 _c1989
300 _a113
600 _aसोमण अंजली
630 _aतिमिर भेद
700 _aसोमण अंजली
730 _aतिमिर भेद
942 _cBOOK
999 _c286984
_d286984